000 00770nam a22002297a 4500
003 RIC
005 20120712120547.0
008 120712t xxu||||| |||| 00| 0 eng d
020 _a9676107425
040 _cJKKN
082 _a395 RAH
100 _aRahmat Ismail
_91241
245 1 _aEtika sosial:
_bsatu peradaban dalam kehidupan sosial manusia/
_cRahmat Ismail.
260 _aKuala Lumpur:
_bUtusan Publications & Distributors,
_c1997
300 _a172p.:
_bill.;
_c21cm.
440 _aSiri Pengurusan dan Pentadbiran Utusan
_91242
504 _aInclude bibliography references
650 _aEtiquette
_9628
650 _aManners and customs
_9626
942 _2ddc
_cBK
999 _c387
_d387
952 _pHQ000888
_40
_00
_bMain
_10
_o395 RAH
_d2012-07-12
_70
_cDISPLAY
_2ddc
_yBK
_aMain